|
|
|
|
| LEADER |
01436nem a2200421 a 4500 |
| 001 |
000668219 |
| 003 |
CZ BrMZK |
| 005 |
20071008112349.0 |
| 007 |
a c |
| 008 |
030429s2003 xr XX 1 mul d |
| 015 |
|
|
|a cnb001367653
|
| 020 |
|
|
|a 80-239-3321-3
|q (složeno)
|
| 034 |
1 |
|
|a a
|
| 040 |
|
|
|a BOA001
|b cze
|
| 043 |
|
|
|a e-xr---
|
| 072 |
|
7 |
|a 913(4)
|x Geografie Evropy, reálie, cestování
|2 Konspekt
|9 7
|
| 080 |
|
|
|a 711.455:615.838
|2 MRF
|
| 080 |
|
|
|a 913(437.3)
|2 MRF
|
| 080 |
|
|
|a 912.43
|2 MRF
|
| 080 |
|
|
|a (084.3)
|2 MRF
|
| 245 |
0 |
0 |
|a Lázně
|h [kartografický dokument] =
|b Spa resort = Kurort = Kurort : Česká republika : tematická mapa
|
| 246 |
3 |
1 |
|a Kurort
|
| 246 |
3 |
|
|a Lázně České republiky
|
| 246 |
3 |
3 |
|a Spa resort
|
| 250 |
|
|
|a 1. vyd.
|
| 255 |
|
|
|a 7 cm k 50 km
|
| 260 |
|
|
|a Rožnov pod Radhoštěm :
|b B.A.T. Program,
|c c2003
|
| 300 |
|
|
|a 1 l. ;
|c 45 x 64 cm složený na 23 x 11 cm
|
| 500 |
|
|
|a Na rubu stručný vlastivědný text česky, anglicky, německy a rusky
|
| 500 |
|
|
|a Název v tiráži: Lázně České republiky
|
| 504 |
|
|
|a Obsahuje rejstříky
|
| 650 |
0 |
7 |
|a lázně
|7 ph136956
|z Česko
|2 czenas
|
| 655 |
|
7 |
|a mapy
|7 fd132800
|2 czenas
|
| 651 |
|
7 |
|a Česko
|7 ge128065
|2 czenas
|
| 710 |
2 |
|
|a B.A.T. Program
|7 kn20010724063
|
| 910 |
|
|
|a BOA001
|b Mp2-1117.698
|
| 990 |
|
|
|a MP
|
| 996 |
6 |
|
|b 2610189474
|c Mp2-1117.698
|l MZK
|r Sklad / do 1 hodiny
|n 1
|p p.v.
|w 000668219
|u 000010
|a 1
|e BOA001
|j MZK50
|s P
|